M N, m n / (Record no. 35892)

MARC details
000 -CABECERA
campo de control de longitud fija 00666nam a2200241 a 4500
005 - FECHA Y HORA DE LA ÚLTIMA TRANSACCIÓN
campo de control 20240614063709.0
008 - ELEMENTOS DE LONGITUD FIJA--INFORMACIÓN GENERAL
campo de control de longitud fija 991125s1975 lon 000 0 eng u
020 ## - NÚMERO INTERNACIONAL NORMALIZADO PARA LIBROS
Número Internacional Estándar del Libro 333182030
035 ## - NÚMERO DE CONTROL DEL SISTEMA
Número de control de sistema UPN01000035892
049 ## - COLECCIÓN
Colección F
050 #4 - SIGNATURA TOPOGRÁFICA DE LA BIBLIOTECA DEL CONGRESO
Número de clasificación PE1117 L3
Número de documento/Ítem F7.4
100 1# - ASIENTO PRINCIPAL--NOMBRE PERSONAL
Nombre de persona Francis, John
245 10 - MENCIÓN DE TÍTULO
Título M N, m n /
Mención de responsabilidad, etc. artist John Francis
260 ## - PUBLICACIÓN, DISTRIBUCIÓN, ETC.
Lugar de publicación, distribución, etc. London :
Nombre del editor, distribuidor, etc. MacMillan,
Fecha de publicación, distribución, etc. 1975
300 ## - DESCRIPCIÓN FÍSICA
Extensión [12] p. :
Otras características físicas principalmente
440 #0 - MENCIÓN DE SERIE/ASIENTO SECUNDARIO--TÍTULO
Título Language in action
520 ## - NOTA DE RESUMEN, ETC.
Sumario, etc. "The language project"
520 ## - NOTA DE RESUMEN, ETC.
Sumario, etc. Datos tomados de la cubierta
650 #4 - ASIENTO SECUNDARIO DE MATERIA - TERMINO TEMATICO
Término de materia o nombre geográfico como elemento de entrada Inglés
Subdivisión general Estudio y enseñanza
9 (RLIN) 18
902 ## - ELEMENTOS DE DATOS B LOCAL, LDB (RLIN)
Creó CAV CARLOS AGUILAR VILLA
904 ## - ELEMENTOS DE DATOS D LOCAL, LDD (RLIN)
a AC
b 035893
905 ## - TIPO DE MATERIAL
Tipo de material Libro
Holdings
Estado de retiro Estado de pérdida Fuente del sistema de clasificación o colocación Estado dañado No para préstamo Código de colección Localización permanente Ubicación/localización actual Ubicación en estantería Fecha de adquisición Enumeración/cronología de publicación seriada Clasificación Código de barras Fecha visto por última vez Número de copia Tipo de ítem Koha
    Library of Congress Classification   Disponible (Préstamo en sala) Folletería Bib. Gregorio Torres Quintero Bib. Gregorio Torres Quintero Colecciones especiales Planta alta 04/05/2023 - PE1117 L3 F7.4 301f 31/12/2020 1 Folleto